00573nam a2200205Ia 450000500170000000800410001702000180005804000180007604100080009408200210010210000170012324500440014025000120018426000520019630000240024865000240027265000220029665000210031865000280033920220209151640.0210716s2012 xx 000 0 und d a9789350515891 cAIMIT LIBRARY aeng a332.12 21bKHAP aKhanna, P K. aManagement of banks /cBy P. K. Khanna. a1st.ed. aNew Delhi :bHimalaya Publishing House ,c2012. axxii,473p ;c28 cm. aManagement Banking. aBanking Business. aCommercial Bank aFinancial Institutions.